Efektívnosť fungovania penzijných fondov na kapitálových trhoch dizertačná práca
Gespeichert in:
| 1. Verfasser: | |
|---|---|
| Körperschaft: | |
| Weitere Verfasser: | |
| Format: | Buch |
| Sprache: | Slowakisch |
| Veröffentlicht: |
Bratislava
2017
|
| Schlagworte: | |
| Tags: |
Keine Tags, Fügen Sie das erste Tag hinzu!
|
MARC
| LEADER | 00000nbm a2200000 4500 | ||
|---|---|---|---|
| 001 | 0235327 | ||
| 005 | 20240502073817.0 | ||
| 041 | 0 | |a slo | |
| 044 | |a SK | ||
| 245 | 1 | 0 | |a Efektívnosť fungovania penzijných fondov na kapitálových trhoch |b dizertačná práca |c Jaroslav Hudcovský ; školiteľ: Božena Chovancová |
| 264 | 1 | |a Bratislava |c 2017 | |
| 300 | |a 122 s. | ||
| 610 | 2 | 0 | |a penzie |
| 610 | 2 | 0 | |a fondy penzijné |
| 610 | 2 | 0 | |a dôchodky |
| 610 | 2 | 0 | |a systémy dôchodkové |
| 610 | 2 | 0 | |a portfólio |
| 610 | 2 | 0 | |a investovanie |
| 610 | 2 | 0 | |a riadenie |
| 610 | 2 | 0 | |a financovanie |
| 610 | 2 | 0 | |a regulácia |
| 610 | 2 | 0 | |a výnosnosť |
| 610 | 2 | 0 | |a investície zahraničné |
| 610 | 2 | 0 | |a sporenie dôchodkové |
| 610 | 2 | 0 | |a poistenie dôchodkové |
| 610 | 2 | 0 | |a trh kapitálový |
| 610 | 2 | 0 | |a akcie |
| 100 | 1 | |a Hudcovský, Jaroslav | |
| 700 | 1 | |a Chovancová, Božena | |
| 710 | 2 | |a Národohospodárska fakulta EU. Katedra bankovníctva a medzinárodných financií | |